Információ és kultúra
Elmentve itt :
| Szerző: | |
|---|---|
| Adatforrás: | Philobibl |
| Forrásdokumentuma: | A Hét, 1976, 12.sz 1-2 p. p. |
| Dokumentumtípus: | Cikk |
| Nyelv: | magyar |
| LEADER | 00265nab a2200097 c 4500 | ||
|---|---|---|---|
| 001 | bibDOK00018416 | ||
| 005 | 20200924121233.5 | ||
| 008 | 060518s1976 hu hun | ||
| 100 | 1 | |a Róth Endre | |
| 245 | 1 | 0 | |a Információ és kultúra |c Róth Endre |
| 773 | 0 | |t A Hét, 1976, 12.sz |g 1-2 p. p. | |